Normal view MARC view
  • Slaves

Entry Topical Term

Number of records used in: 0

001 - CONTROL NUMBER

  • control field: 80566

003 - CONTROL NUMBER IDENTIFIER

  • control field: KE-NaSUL

005 - DATE AND TIME OF LATEST TRANSACTION

  • control field: 20250825170431.0

008 - FIXED-LENGTH DATA ELEMENTS

  • fixed length control field: 250825|| aca||aabn | a|a d

040 ## - CATALOGING SOURCE

  • Original cataloging agency: KE-NaSUL
  • Transcribing agency: KE-NaSUL

150 ## - HEADING--TOPICAL TERM

  • Topical term or geographic name as entry element: Slaves
  • Geographic subdivision: United States
  • Form subdivision: Biography

670 ## - SOURCE DATA FOUND

  • Source citation: Work cat.: (KE-NaSUL)54604: Douglass, Frederick, 1818-1895. 20425, Narrative of the life of Frederick Douglass, an American slave, c2000.

© Strathmore University Library
Madaraka Estate, Ole Sangale Road | P. O. Box 59857 - 00200 City Square, Nairobi, Kenya
(+254) (0)703 034 000/200/300 | (+254) (0)20-607498